[Event "DEM U14 2018"]
[Site "Willingen GER"]
[Date "2018.05.24"]
[Round "7"]
[White "Pahl, Theis"]
[Black "Nguyen, Alex Dac-Vuong"]
[Result "0-1"]
[Termination "normal"]
[Board "4"]
[WhiteElo "1987"]
[BlackElo "2167"]
[WhiteClock "00:16:50"]
[BlackClock "00:25:24"]
[PlyCount "62"]
[WhiteFideId "16201264"]
[BlackFideId "12984388"]
[EventCountry "GER"]
[EventRounds "9"]
[EventType "swiss"]
[EventDate "2018.05.19"]

1. e4 {[%clk 1:30:58]} 1... e6 {[%clk 1:30:56]} 2. d4 {[%clk 1:31:23]} 2... d5
{[%clk 1:31:21]} 3. Nc3 {[%clk 1:31:48]} 3... Nf6 {[%clk 1:31:42]} 4. e5 {
[%clk 1:32:13]} 4... Nfd7 {[%clk 1:32:07]} 5. f4 {[%clk 1:32:36]} 5... c5 {
[%clk 1:32:32]} 6. Nf3 {[%clk 1:33:02]} 6... Nc6 {[%clk 1:32:47]} 7. Be3 {
[%clk 1:33:23]} 7... Be7 {[%clk 1:33:10]} 8. a3 {[%clk 1:33:36]} 8... O-O {
[%clk 1:31:12]} 9. dxc5 {[%clk 1:33:50]} 9... Nxc5 {[%clk 1:31:18]} 10. Be2 {
[%clk 1:34:03]} 10... a6 {[%clk 1:18:39]} 11. O-O {[%clk 1:33:39]} 11... b5 {
[%clk 1:16:49]} 12. Qe1 {[%clk 1:33:10]} 12... Bb7 {[%clk 1:12:32]} 13. Rd1 {
[%clk 1:32:58]} 13... Qc7 {[%clk 1:08:02]} 14. Qf2 {[%clk 1:28:36]} 14... Nd7 {
[%clk 1:05:45]} 15. Nd4 {[%clk 1:25:25]} 15... Na5 {[%clk 1:01:38]} 16. f5 {
[%clk 1:13:22]} 16... Qxe5 {[%clk 0:55:18]} 17. Bf4 {[%clk 1:13:16]} 17... Qf6
{[%clk 0:55:44]} 18. fxe6 {[%clk 1:03:37]} 18... fxe6 {[%clk 0:56:02]} 19. Bc7
{[%clk 1:00:27]} 19... Qh6 {[%clk 0:47:39]} 20. Qg3 {[%clk 0:40:00]} 20... Nc4
{[%clk 0:46:27]} 21. Bxc4 {[%clk 0:34:57]} 21... bxc4 {[%clk 0:46:20]} 22. Rfe1
{[%clk 0:30:27]} 22... Bh4 {[%clk 0:36:40]} 23. Qg4 {[%clk 0:27:20]} 23... Bf2+
{[%clk 0:36:23]} 24. Kh1 {[%clk 0:27:00]} 24... Bxe1 {[%clk 0:36:42]} 25. Rxe1
{[%clk 0:27:25]} 25... Rae8 {[%clk 0:36:00]} 26. h3 {[%clk 0:22:50]} 26... Nf6
{[%clk 0:34:23]} 27. Qe2 {[%clk 0:21:50]} 27... e5 {[%clk 0:28:47]} 28. Nf3 {
[%clk 0:17:40]} 28... e4 {[%clk 0:25:33]} 29. Nd4 {[%clk 0:17:48]} 29... Nh5 {
[%clk 0:25:14]} 30. Na4 {[%clk 0:16:35]} 30... Rf7 {[%clk 0:25:23]} 31. Bh2 {
[%clk 0:16:50]} 31... Ref8 {[%clk 0:25:24]} 0-1

[Event "DEM U14 2018"]
[Site "Willingen GER"]
[Date "2018.05.24"]
[Round "7"]
[White "Pahl, Erik"]
[Black "Colbow, Collin"]
[Result "1/2-1/2"]
[Termination "normal"]
[Board "5"]
[WhiteElo "2053"]
[BlackElo "2148"]
[WhiteClock "00:00:46"]
[BlackClock "00:02:38"]
[PlyCount "77"]
[WhiteFideId "16201272"]
[BlackFideId "16201132"]
[EventCountry "GER"]
[EventRounds "9"]
[EventType "swiss"]
[EventDate "2018.05.19"]

1. e4 {[%clk 1:30:56]} 1... e5 {[%clk 1:30:55]} 2. Nf3 {[%clk 1:31:17]} 2...
Nc6 {[%clk 1:31:20]} 3. Bb5 {[%clk 1:31:42]} 3... a6 {[%clk 1:31:39]} 4. Ba4 {
[%clk 1:32:07]} 4... Nf6 {[%clk 1:32:02]} 5. O-O {[%clk 1:32:31]} 5... Be7 {
[%clk 1:32:24]} 6. d3 {[%clk 1:32:56]} 6... b5 {[%clk 1:32:39]} 7. Bb3 { [%clk
1:33:22]} 7... d6 {[%clk 1:32:47]} 8. a3 {[%clk 1:33:46]} 8... O-O { [%clk
1:33:08]} 9. Nc3 {[%clk 1:34:11]} 9... Nd4 {[%clk 1:33:31]} 10. Nxd4 { [%clk
1:33:23]} 10... exd4 {[%clk 1:33:52]} 11. Nd5 {[%clk 1:32:41]} 11... Be6 {[%clk
1:32:38]} 12. Nxf6+ {[%clk 1:32:45]} 12... Bxf6 {[%clk 1:33:01]} 13. Bxe6
{[%clk 1:33:10]} 13... fxe6 {[%clk 1:33:26]} 14. a4 {[%clk 1:33:06]} 14... c5
{[%clk 1:31:00]} 15. Qg4 {[%clk 1:33:28]} 15... Qe7 {[%clk 1:29:13]} 16. Bd2
{[%clk 1:30:02]} 16... Rfb8 {[%clk 1:17:38]} 17. b3 {[%clk 1:27:42]} 17... Re8
{[%clk 0:46:51]} 18. f4 {[%clk 1:17:50]} 18... Qd7 {[%clk 0:43:54]} 19. h4
19... c4 {[%clk 0:35:09]} 20. h5 {[%clk 1:00:59]} 20... cxd3 {[%clk 0:30:48]}
21. cxd3 {[%clk 1:01:17]} 21... bxa4 {[%clk 0:30:16]} 22. bxa4 {[%clk 1:01:28]}
22... Rab8 {[%clk 0:29:12]} 23. Ra2 {[%clk 0:44:57]} 23... Rb3 {[%clk 0:25:44]}
24. Qh3 {[%clk 0:41:46]} 24... Reb8 {[%clk 0:23:12]} 25. h6 {[%clk 0:39:36]}
25... Rb2 {[%clk 0:22:10]} 26. Rxb2 {[%clk 0:37:35]} 26... Rxb2 {[%clk 0:22:32]
} 27. Be1 {[%clk 0:37:31]} 27... Re2 {[%clk 0:17:27]} 28. Bf2 {[%clk 0:30:18]}
28... Ra2 {[%clk 0:15:37]} 29. Bh4 {[%clk 0:21:16]} 29... Qe7 {[%clk 0:02:31]}
30. Bxf6 {[%clk 0:17:28]} 30... Qxf6 {[%clk 0:02:57]} 31. hxg7 {[%clk 0:08:18]}
31... Kxg7 {[%clk 0:03:20]} 32. f5 {[%clk 0:07:52]} 32... exf5 {[%clk 0:03:22]}
33. Rxf5 {[%clk 0:07:33]} 33... Qe7 {[%clk 0:01:26]} 34. Qg3+ {[%clk 0:05:15]}
34... Kh8 {[%clk 0:01:34]} 35. Qf4 {[%clk 0:03:59]} 35... Kg7 {[%clk 0:01:33]}
36. Qg3+ {[%clk 0:04:26]} 36... Kh8 {[%clk 0:01:56]} 37. Qf4 {[%clk 0:03:48]}
37... Kg7 {[%clk 0:02:21]} 38. Qg4+ {[%clk 0:04:13]} 38... Kh8 {[%clk 0:02:38]}
39. Qf4 {[%clk 0:00:46]} 1/2-1/2

[Event "DEM U14 2018"]
[Site "Willingen GER"]
[Date "2018.05.24"]
[Round "7"]
[White "Wu, Leon"]
[Black "Kanzow, Alexander"]
[Result "0-1"]
[Termination "normal"]
[Board "6"]
[WhiteElo "2022"]
[BlackElo "1631"]
[WhiteClock "00:16:05"]
[BlackClock "00:47:11"]
[PlyCount "96"]
[WhiteFideId "12977438"]
[BlackFideId "16225414"]
[EventCountry "GER"]
[EventRounds "9"]
[EventType "swiss"]
[EventDate "2018.05.19"]

1. e4 {[%clk 1:30:56]} 1... c5 {[%clk 1:30:56]} 2. Nf3 {[%clk 1:31:05]} 2...
Nc6 {[%clk 1:31:18]} 3. d4 {[%clk 1:30:58]} 3... cxd4 {[%clk 1:31:43]} 4. Nxd4
{[%clk 1:31:22]} 4... Nf6 {[%clk 1:32:07]} 5. Nc3 {[%clk 1:30:59]} 5... e5 {
[%clk 1:32:23]} 6. Ndb5 {[%clk 1:30:31]} 6... d6 {[%clk 1:32:45]} 7. Bg5 {
[%clk 1:30:25]} 7... a6 {[%clk 1:33:07]} 8. Na3 {[%clk 1:30:40]} 8... b5 {
[%clk 1:33:30]} 9. Nd5 {[%clk 1:30:02]} 9... Be7 {[%clk 1:33:51]} 10. Bxf6 {
[%clk 1:29:49]} 10... Bxf6 {[%clk 1:34:12]} 11. c4 {[%clk 1:27:59]} 11... b4 {
[%clk 1:33:09]} 12. Nc2 {[%clk 1:28:00]} 12... a5 {[%clk 1:32:50]} 13. Qf3 {
[%clk 1:25:40]} 13... Be6 {[%clk 1:24:30]} 14. Nxf6+ {[%clk 1:17:02]} 14...
Qxf6 {[%clk 1:23:04]} 15. Qxf6 {[%clk 1:14:57]} 15... gxf6 {[%clk 1:23:17]} 16.
Bd3 {[%clk 1:08:48]} 16... Rg8 {[%clk 1:16:14]} 17. g3 {[%clk 1:06:41]} 17...
Kd7 {[%clk 1:06:04]} 18. Ke2 {[%clk 0:59:09]} 18... Kc7 {[%clk 1:04:37]} 19.
Ke3 {[%clk 0:57:53]} 19... Kb6 {[%clk 1:02:52]} 20. b3 {[%clk 0:55:09]} 20...
Kc5 {[%clk 0:56:55]} 21. Rhg1 {[%clk 0:31:48]} 21... Nd4 {[%clk 0:44:42]} 22.
Nxd4 {[%clk 0:28:57]} 22... exd4+ {[%clk 0:44:59]} 23. Kf3 {[%clk 0:25:18]}
23... a4 {[%clk 0:44:57]} 24. Rab1 {[%clk 0:25:27]} 24... axb3 {[%clk 0:44:26]}
25. axb3 {[%clk 0:25:53]} 25... Ra2 {[%clk 0:43:12]} 26. e5 {[%clk 0:19:58]}
26... fxe5 {[%clk 0:43:02]} 27. g4 {[%clk 0:17:33]} 27... Rd2 {[%clk 0:40:24]}
28. Be4 {[%clk 0:15:53]} 28... Rxg4 {[%clk 0:35:57]} 29. Rxg4 {[%clk 0:14:55]}
29... Bxg4+ {[%clk 0:36:20]} 30. Kxg4 {[%clk 0:14:42]} 30... Rxf2 { [%clk
0:36:48]} 31. Kg3 {[%clk 0:12:41]} 31... Rf4 {[%clk 0:35:01]} 32. Bd3 { [%clk
0:07:25]} 32... h5 {[%clk 0:33:42]} 33. Rf1 {[%clk 0:05:33]} 33... Rg4+ { [%clk
0:32:41]} 34. Kh3 {[%clk 0:05:01]} 34... e4 {[%clk 0:31:24]} 35. Be2 { [%clk
0:03:36]} 35... Rg5 {[%clk 0:31:45]} 36. Rxf7 {[%clk 0:03:29]} 36... d3 { [%clk
0:31:31]} 37. Bd1 {[%clk 0:01:52]} 37... Re5 {[%clk 0:28:44]} 38. Kg2 { [%clk
0:01:23]} 38... e3 {[%clk 0:28:36]} 39. Kf1 {[%clk 0:01:02]} 39... Kd4 { [%clk
0:27:56]} 40. Rf6 {[%clk 0:00:32]} 40... Kc3 {[%clk 0:25:25]} 41. Rxd6 { [%clk
0:27:04]} 41... Ra5 {[%clk 0:53:59]} 42. Re6 {[%clk 0:19:42]} 42... Kd2 { [%clk
0:46:21]} 43. Rd6 {[%clk 0:14:25]} 43... Ra1 {[%clk 0:46:09]} 44. Rxd3+ { [%clk
0:14:20]} 44... Kxd3 {[%clk 0:46:30]} 45. Ke1 {[%clk 0:14:46]} 45... e2 { [%clk
0:46:48]} 46. Kf2 {[%clk 0:15:14]} 46... exd1=Q {[%clk 0:47:06]} 47. h4 { [%clk
0:15:39]} 47... Ra2+ {[%clk 0:47:11]} 48. Kg3 {[%clk 0:16:05]} 48... Qg4# 0-1

[Event "DEM U14 2018"]
[Site "Willingen GER"]
[Date "2018.05.24"]
[Round "7"]
[White "Kölle, Tobias"]
[Black "Fromm, Marius"]
[Result "1/2-1/2"]
[Termination "normal"]
[Board "7"]
[WhiteElo "2226"]
[BlackElo "2014"]
[WhiteClock "00:13:04"]
[BlackClock "00:05:55"]
[PlyCount "61"]
[WhiteFideId "16207378"]
[BlackFideId "12993190"]
[EventCountry "GER"]
[EventRounds "9"]
[EventType "swiss"]
[EventDate "2018.05.19"]

1. d4 {[%clk 1:30:57]} 1... d5 {[%clk 1:30:53]} 2. c4 {[%clk 1:31:20]} 2... c6
{[%clk 1:31:12]} 3. Nf3 {[%clk 1:31:33]} 3... Nf6 {[%clk 1:31:36]} 4. e3 {
[%clk 1:31:55]} 4... Bf5 {[%clk 1:27:49]} 5. Nc3 {[%clk 1:32:11]} 5... a6 {
[%clk 1:27:07]} 6. b3 {[%clk 1:23:51]} 6... e6 {[%clk 1:22:26]} 7. Be2 { [%clk
1:17:44]} 7... h6 {[%clk 1:17:21]} 8. O-O {[%clk 1:17:51]} 8... Bd6 { [%clk
1:16:10]} 9. Bb2 {[%clk 1:16:23]} 9... Nbd7 {[%clk 1:14:42]} 10. Bd3 { [%clk
1:13:51]} 10... Bxd3 {[%clk 1:12:31]} 11. Qxd3 {[%clk 1:14:20]} 11... O-O
{[%clk 1:11:15]} 12. Rad1 {[%clk 1:12:15]} 12... Qc7 {[%clk 0:54:42]} 13. e4 {
[%clk 1:09:27]} 13... dxe4 {[%clk 0:54:07]} 14. Nxe4 {[%clk 1:09:57]} 14...
Nxe4 {[%clk 0:54:27]} 15. Qxe4 {[%clk 1:10:25]} 15... Nf6 {[%clk 0:54:47]} 16.
Qe2 {[%clk 1:09:51]} 16... Be7 {[%clk 0:52:44]} 17. Ne5 {[%clk 1:05:05]} 17...
a5 {[%clk 0:41:35]} 18. Rd3 {[%clk 0:57:37]} 18... a4 {[%clk 0:38:02]} 19. Bc3
{[%clk 0:45:25]} 19... axb3 {[%clk 0:37:45]} 20. axb3 {[%clk 0:45:47]} 20...
Rfd8 {[%clk 0:29:30]} 21. Rg3 {[%clk 0:44:46]} 21... Bd6 {[%clk 0:24:29]} 22.
f4 {[%clk 0:40:48]} 22... c5 {[%clk 0:19:53]} 23. dxc5 {[%clk 0:39:43]} 23...
Bxc5+ {[%clk 0:19:18]} 24. Kh1 {[%clk 0:39:50]} 24... Bd4 {[%clk 0:19:11]} 25.
Bb4 {[%clk 0:26:42]} 25... Ra1 {[%clk 0:14:40]} 26. Rxa1 {[%clk 0:26:22]} 26...
Bxa1 {[%clk 0:15:05]} 27. h3 {[%clk 0:25:56]} 27... Bd4 {[%clk 0:13:32]} 28.
Rd3 {[%clk 0:24:58]} 28... Ba7 {[%clk 0:09:14]} 29. Rxd8+ {[%clk 0:15:30]}
29... Qxd8 {[%clk 0:09:38]} 30. Qd2 {[%clk 0:15:51]} 30... Qb6 {[%clk 0:05:55]}
31. c5 {[%clk 0:13:04]} 1/2-1/2

[Event "DEM U14 2018"]
[Site "Willingen GER"]
[Date "2018.05.24"]
[Round "7"]
[White "Weihrauch, Jakob"]
[Black "Lutz, Ruben"]
[Result "0-1"]
[Termination "normal"]
[Board "8"]
[WhiteElo "2136"]
[BlackElo "1940"]
[WhiteClock "00:08:33"]
[BlackClock "00:17:48"]
[PlyCount "64"]
[WhiteFideId "16210115"]
[BlackFideId "12975974"]
[EventCountry "GER"]
[EventRounds "9"]
[EventType "swiss"]
[EventDate "2018.05.19"]

1. e4 {[%clk 1:30:55]} 1... e6 {[%clk 1:30:53]} 2. d4 {[%clk 1:31:21]} 2... d5
{[%clk 1:31:18]} 3. Nc3 {[%clk 1:31:47]} 3... Nf6 {[%clk 1:31:42]} 4. e5 {
[%clk 1:32:10]} 4... Nfd7 {[%clk 1:32:07]} 5. f4 {[%clk 1:32:37]} 5... c5 {
[%clk 1:32:19]} 6. Nf3 {[%clk 1:33:00]} 6... Nc6 {[%clk 1:32:41]} 7. Be3 {
[%clk 1:33:25]} 7... Be7 {[%clk 1:33:04]} 8. dxc5 {[%clk 1:33:30]} 8... O-O {
[%clk 1:32:00]} 9. Qd2 {[%clk 1:33:27]} 9... Qa5 {[%clk 1:32:10]} 10. O-O-O {
[%clk 1:32:49]} 10... b6 {[%clk 1:32:29]} 11. Bb5 {[%clk 1:27:52]} 11... Bb7 {
[%clk 1:32:50]} 12. Bxc6 {[%clk 1:23:47]} 12... Bxc6 {[%clk 1:33:08]} 13. Nd4 {
[%clk 1:23:21]} 13... Rfc8 {[%clk 1:33:07]} 14. Nb3 {[%clk 1:16:39]} 14... Qa6
{[%clk 1:33:26]} 15. cxb6 {[%clk 1:09:23]} 15... axb6 {[%clk 1:33:31]} 16. Qd3
{[%clk 1:02:10]} 16... Qb7 {[%clk 1:32:26]} 17. a3 {[%clk 0:51:06]} 17... Nc5 {
[%clk 1:27:46]} 18. Qd2 {[%clk 0:45:31]} 18... Nxb3+ {[%clk 1:27:08]} 19. cxb3
{[%clk 0:45:52]} 19... Qa6 {[%clk 0:52:05]} 20. Kb1 {[%clk 0:40:37]} 20... Bc5
{[%clk 0:49:52]} 21. Bd4 {[%clk 0:34:01]} 21... Bd7 {[%clk 0:45:28]} 22. Qd3 {
[%clk 0:30:37]} 22... Qa7 {[%clk 0:41:39]} 23. h4 {[%clk 0:26:17]} 23... Bxa3 {
[%clk 0:22:41]} 24. bxa3 {[%clk 0:17:02]} 24... Qxa3 {[%clk 0:23:05]} 25. Kc2 {
[%clk 0:15:21]} 25... Qa2+ {[%clk 0:23:07]} 26. Kc1 26... Qxg2 {[%clk 0:23:22]}
27. Kb1 {[%clk 0:15:37]} 27... Ra3 {[%clk 0:19:43]} 28. Qc2 {[%clk 0:13:36]}
28... Ra1+ {[%clk 0:19:48]} 29. Kxa1 {[%clk 0:12:04]} 29... Qxc2 { [%clk
0:20:10]} 30. Na4 {[%clk 0:08:35]} 30... Qxb3 {[%clk 0:20:29]} 31. Nb2 { [%clk
0:08:56]} 31... Bb5 {[%clk 0:17:33]} 32. Kb1 {[%clk 0:08:33]} 32... Qc2+ {[%clk
0:17:48]} 0-1

[Event "DEM U14 2018"]
[Site "Willingen GER"]
[Date "2018.05.24"]
[Round "7"]
[White "Wu, Luka"]
[Black "Sulayev, Daniel"]
[Result "1/2-1/2"]
[Termination "normal"]
[Board "9"]
[WhiteElo "1953"]
[BlackElo "2054"]
[WhiteClock "00:27:54"]
[BlackClock "00:09:29"]
[PlyCount "96"]
[WhiteFideId "12977420"]
[BlackFideId "12977675"]
[EventCountry "GER"]
[EventRounds "9"]
[EventType "swiss"]
[EventDate "2018.05.19"]

1. e4 {[%clk 1:30:59]} 1... d6 {[%clk 1:30:51]} 2. d4 {[%clk 1:31:21]} 2... g6
{[%clk 1:31:12]} 3. Nc3 {[%clk 1:31:32]} 3... Bg7 {[%clk 1:31:34]} 4. Be3 {
[%clk 1:30:59]} 4... a6 {[%clk 1:31:45]} 5. a4 {[%clk 1:23:14]} 5... b6 { [%clk
1:29:02]} 6. Nf3 {[%clk 1:20:41]} 6... Bb7 {[%clk 1:27:04]} 7. Bd3 { [%clk
1:14:29]} 7... Nd7 {[%clk 1:25:52]} 8. O-O {[%clk 1:12:10]} 8... Ngf6 { [%clk
1:23:11]} 9. h3 {[%clk 1:12:13]} 9... O-O {[%clk 1:22:38]} 10. Nd2 { [%clk
1:08:50]} 10... e5 {[%clk 1:17:51]} 11. d5 {[%clk 0:49:09]} 11... Ne8 { [%clk
1:12:38]} 12. Ne2 {[%clk 0:43:00]} 12... f5 {[%clk 1:10:30]} 13. f3 { [%clk
0:41:56]} 13... f4 {[%clk 1:10:42]} 14. Bf2 {[%clk 0:42:23]} 14... Nef6 { [%clk
1:08:16]} 15. b4 {[%clk 0:37:42]} 15... g5 {[%clk 0:54:05]} 16. Nb3 { [%clk
0:32:30]} 16... Rf7 {[%clk 0:51:40]} 17. c4 {[%clk 0:30:52]} 17... Bf8 { [%clk
0:51:28]} 18. Qc2 {[%clk 0:30:26]} 18... Bc8 {[%clk 0:42:53]} 19. Rfc1 { [%clk
0:25:15]} 19... h5 {[%clk 0:32:44]} 20. Kh1 {[%clk 0:22:40]} 20... Ne8 { [%clk
0:30:51]} 21. c5 {[%clk 0:19:51]} 21... bxc5 {[%clk 0:27:20]} 22. bxc5 { [%clk
0:20:14]} 22... Nxc5 {[%clk 0:26:58]} 23. Bxc5 {[%clk 0:18:19]} 23... dxc5
{[%clk 0:27:22]} 24. Nxc5 {[%clk 0:17:45]} 24... Bxc5 {[%clk 0:20:02]} 25. Qxc5
{[%clk 0:18:11]} 25... Nd6 {[%clk 0:20:19]} 26. Qa5 {[%clk 0:16:41]} 26... g4
{[%clk 0:20:09]} 27. Ng1 {[%clk 0:16:39]} 27... Rg7 {[%clk 0:19:23]} 28. Qd2
{[%clk 0:13:00]} 28... Kh8 {[%clk 0:16:43]} 29. Rc2 {[%clk 0:12:24]} 29... gxh3
{[%clk 0:15:44]} 30. gxh3 {[%clk 0:12:48]} 30... Qh4 {[%clk 0:14:57]} 31. Qh2 {
[%clk 0:10:52]} 31... Rb8 {[%clk 0:10:36]} 32. Rac1 {[%clk 0:09:06]} 32... Rb3
{[%clk 0:10:08]} 33. Rc3 {[%clk 0:09:27]} 33... Rxc3 {[%clk 0:10:10]} 34. Rxc3
{[%clk 0:09:53]} 34... Qe1 {[%clk 0:10:08]} 35. Rb3 {[%clk 0:07:39]} 35... Rg3
{[%clk 0:08:42]} 36. Rb1 {[%clk 0:06:27]} 36... Qe3 {[%clk 0:08:44]} 37. Bf1 {
[%clk 0:06:21]} 37... h4 {[%clk 0:08:18]} 38. Rd1 {[%clk 0:01:00]} 38... a5 {
[%clk 0:05:07]} 39. Rd2 {[%clk 0:01:00]} 39... Rxg1+ {[%clk 0:02:57]} 40. Qxg1
{[%clk 0:01:25]} 40... Qxd2 {[%clk 0:03:22]} 41. Qg6 {[%clk 0:27:03]} 41... Qf2
{[%clk 0:10:48]} 42. Qh6+ {[%clk 0:27:16]} 42... Kg8 {[%clk 0:11:17]} 43. Qg6+
{[%clk 0:27:33]} 43... Kf8 {[%clk 0:11:41]} 44. Qh6+ {[%clk 0:27:54]} 44... Kf7
{[%clk 0:11:57]} 45. Qh7+ {[%clk 0:27:48]} 45... Kf8 {[%clk 0:11:46]} 46. Qh6+
{[%clk 0:27:58]} 46... Ke7 {[%clk 0:12:02]} 47. Qg5+ {[%clk 0:27:41]} 47... Kd7
{[%clk 0:09:47]} 48. Qg7+ {[%clk 0:27:54]} 48... Kd8 {[%clk 0:09:29]} 1/2-1/2

[Event "DEM U14 2018"]
[Site "Willingen GER"]
[Date "2018.05.24"]
[Round "7"]
[White "Musiolik, David"]
[Black "Yi, Danny"]
[Result "0-1"]
[Termination "normal"]
[Board "10"]
[WhiteElo "2089"]
[BlackElo "2074"]
[WhiteClock "00:00:31"]
[BlackClock "00:05:46"]
[PlyCount "120"]
[WhiteFideId "12972355"]
[BlackFideId "12988588"]
[EventCountry "GER"]
[EventRounds "9"]
[EventType "swiss"]
[EventDate "2018.05.19"]

1. e4 {[%clk 1:30:53]} 1... e5 {[%clk 1:30:55]} 2. Nf3 {[%clk 1:31:17]} 2...
Nf6 {[%clk 1:31:01]} 3. Nxe5 {[%clk 1:31:41]} 3... d6 {[%clk 1:31:24]} 4. Nf3 {
[%clk 1:32:06]} 4... Nxe4 {[%clk 1:31:33]} 5. d4 {[%clk 1:32:30]} 5... d5 {
[%clk 1:31:30]} 6. Bd3 {[%clk 1:32:55]} 6... Nc6 {[%clk 1:30:49]} 7. O-O {
[%clk 1:32:47]} 7... Be7 {[%clk 1:29:46]} 8. c4 {[%clk 1:19:08]} 8... Nf6 {
[%clk 1:25:56]} 9. a3 {[%clk 1:04:18]} 9... O-O {[%clk 1:25:33]} 10. h3 { [%clk
1:02:26]} 10... h6 {[%clk 1:23:00]} 11. Nc3 {[%clk 1:00:15]} 11... Be6 { [%clk
1:21:13]} 12. c5 {[%clk 0:55:20]} 12... Re8 {[%clk 1:18:23]} 13. b4 { [%clk
0:53:52]} 13... a6 {[%clk 1:16:25]} 14. Rb1 {[%clk 0:49:17]} 14... Bf8 { [%clk
1:14:10]} 15. b5 {[%clk 0:44:55]} 15... axb5 {[%clk 1:12:57]} 16. Bxb5 { [%clk
0:44:32]} 16... Bf5 {[%clk 1:10:44]} 17. Rb3 {[%clk 0:43:38]} 17... Re6 { [%clk
1:08:17]} 18. Bxc6 {[%clk 0:41:34]} 18... bxc6 {[%clk 1:07:42]} 19. Bf4 { [%clk
0:40:27]} 19... g5 {[%clk 1:06:28]} 20. Bh2 {[%clk 0:36:07]} 20... Bg7 { [%clk
1:04:23]} 21. Be5 {[%clk 0:30:44]} 21... Ne4 {[%clk 1:02:18]} 22. Bxg7 { [%clk
0:30:31]} 22... Kxg7 {[%clk 1:01:55]} 23. Nxe4 {[%clk 0:30:31]} 23... dxe4
{[%clk 1:01:44]} 24. Ne1 {[%clk 0:30:23]} 24... Qd5 {[%clk 0:59:34]} 25. Rc3
{[%clk 0:30:12]} 25... Bg6 {[%clk 0:57:37]} 26. Nc2 {[%clk 0:27:42]} 26... f5
{[%clk 0:56:57]} 27. Nb4 {[%clk 0:21:52]} 27... Qd7 {[%clk 0:54:57]} 28. d5
{[%clk 0:20:58]} 28... cxd5 {[%clk 0:53:35]} 29. c6 {[%clk 0:18:38]} 29... Qe8
{[%clk 0:51:00]} 30. Nxd5 {[%clk 0:16:19]} 30... Qf7 {[%clk 0:49:45]} 31. Qd4+
{[%clk 0:14:48]} 31... Kh7 {[%clk 0:48:53]} 32. Qb4 {[%clk 0:09:18]} 32... Rd8
{[%clk 0:45:42]} 33. Qc4 {[%clk 0:06:33]} 33... Red6 {[%clk 0:44:19]} 34. Nb4 {
[%clk 0:05:57]} 34... Qf6 {[%clk 0:41:25]} 35. a4 {[%clk 0:04:49]} 35... Rd1 {
[%clk 0:38:45]} 36. Rc1 {[%clk 0:03:34]} 36... R1d4 {[%clk 0:38:41]} 37. Qc5 {
[%clk 0:03:32]} 37... f4 {[%clk 0:38:05]} 38. Qc3 {[%clk 0:01:36]} 38... Qd6 {
[%clk 0:36:13]} 39. Nc2 {[%clk 0:00:37]} 39... Rd3 {[%clk 0:35:13]} 40. Qb4 {
[%clk 0:00:45]} 40... Qf6 {[%clk 0:22:45]} 41. Qa5 {[%clk 0:26:21]} 41... Qf7 {
[%clk 0:45:54]} 42. Nb4 {[%clk 0:25:51]} 42... R3d6 {[%clk 0:35:16]} 43. Na6 {
[%clk 0:24:31]} 43... Bf5 {[%clk 0:30:49]} 44. Nxc7 {[%clk 0:21:04]} 44... Rc8
{[%clk 0:25:20]} 45. Qe5 {[%clk 0:18:57]} 45... Qf6 {[%clk 0:16:03]} 46. Qa5 {
[%clk 0:13:07]} 46... Kg6 {[%clk 0:15:39]} 47. Nd5 {[%clk 0:09:52]} 47... Qe5 {
[%clk 0:15:22]} 48. Rc5 {[%clk 0:08:43]} 48... Rcxc6 {[%clk 0:13:56]} 49. Rfc1
{[%clk 0:07:55]} 49... Rxc5 {[%clk 0:11:04]} 50. Rxc5 {[%clk 0:08:21]} 50... e3
{[%clk 0:08:59]} 51. fxe3 {[%clk 0:07:06]} 51... fxe3 {[%clk 0:09:14]} 52. Qc7
{[%clk 0:07:00]} 52... Kh5 {[%clk 0:03:57]} 53. Qf7+ {[%clk 0:04:05]} 53... Kh4
{[%clk 0:04:03]} 54. Rc4+ {[%clk 0:03:17]} 54... Kg3 {[%clk 0:04:13]} 55. Rc1 {
[%clk 0:00:50]} 55... Qxd5 {[%clk 0:04:25]} 56. Qxd5 {[%clk 0:00:45]} 56...
Rxd5 {[%clk 0:04:49]} 57. Rf1 {[%clk 0:00:39]} 57... Be4 {[%clk 0:04:57]} 58.
Re1 {[%clk 0:00:52]} 58... e2 {[%clk 0:05:21]} 59. a5 {[%clk 0:00:55]} 59...
Rd1 {[%clk 0:05:46]} 60. Rxd1 {[%clk 0:00:31]} 60... exd1=Q# 0-1